Slovenská koruna môže byť konvertibilná v bežných platbách do konca roka
O možnostiach konvertibility slovenskej koruny do konca roku 1995 hovorí Š. Adamec, člen Bankovej rady NBS. Opatrenia NBS vedúce ku konvertibilite slovenskej koruny. Definície konvertibility. Bežný účet platobnej bilancie. Zmeny v devízovom režime SR. Článok VIII dohody o MMF, ktorý všeobecne definu...
Na minha lista:
| Autor principal: | |
|---|---|
| Outros Autores: | |
| Formato: | Capítulo de Livro |
| Idioma: | eslovaco |
| Assuntos: | |
| Tags: |
Sem tags, seja o primeiro a adicionar uma tag!
|
MARC
| LEADER | 00000naa a2200000 4500 | ||
|---|---|---|---|
| 001 | r019498 | ||
| 005 | 20221205103112.7 | ||
| 041 | 0 | |a slo | |
| 044 | |a SK | ||
| 245 | 1 | 0 | |a Slovenská koruna môže byť konvertibilná v bežných platbách do konca roka |c Štefan Adamec, J. Kovalčík |
| 520 | |a O možnostiach konvertibility slovenskej koruny do konca roku 1995 hovorí Š. Adamec, člen Bankovej rady NBS. Opatrenia NBS vedúce ku konvertibilite slovenskej koruny. Definície konvertibility. Bežný účet platobnej bilancie. Zmeny v devízovom režime SR. Článok VIII dohody o MMF, ktorý všeobecne definuje konvertibilitu na bežnom účte platobnej bilancie. Vnútorná konvertibilita. Predpoklady zavedenia konvertibility. Možnosti konvertibility slovenskej koruny. Bežný účet platobnej bilancie SR za rok 1994. | ||
| 610 | 2 | 0 | |a NBS Bratislava |
| 610 | 2 | 0 | |a program menový |
| 610 | 2 | 0 | |a vývoj menový |
| 610 | 2 | 0 | |a koruna |
| 610 | 2 | 0 | |a Slovensko |
| 610 | 2 | 0 | |a konvertibilita |
| 610 | 2 | 0 | |a účty bežné |
| 610 | 2 | 0 | |a bilancia platobná |
| 610 | 2 | 0 | |a 1994 |
| 100 | 1 | |a Adamec, Štefan | |
| 700 | 1 | |a Kovalčík, J. | |